|
|
|
|
| LEADER |
02949nam a2200433 a 4500 |
| 001 |
17196812 |
| 008 |
120411s2012 njua b 001 0 eng d |
| 010 |
|
|
|a 2012360249
|
| 020 |
|
|
|a 9780470646465
|
| 020 |
|
|
|a 9780470534793 (hbk. : textbook only)
|
| 020 |
|
|
|a 0470534796 (hbk. : textbook only)
|
| 040 |
|
|
|a CVU
|c CVU
|d BDX
|d DLC
|d BD-DhAAL
|
| 042 |
|
|
|a lccopycat
|
| 050 |
0 |
0 |
|a HF5635
|b .W524 2012
|
| 082 |
0 |
0 |
|a 657
|2 22
|
| 100 |
1 |
|
|a Weygandt, Jerry J.
|
| 245 |
1 |
0 |
|a Accounting principles /
|c Jerry J. Weygandt, Paul D. Kimmel, Donald E. Kieso.
|
| 250 |
|
|
|a 10th ed., International student version
|
| 260 |
|
|
|a Hoboken, NJ :
|b J. Wiley & Sons,
|c c2012.
|
| 300 |
|
|
|a xxii, 1235, [74] p. :
|b col. ill. ;
|c 28 cm.
|
| 500 |
|
|
|a Also issued in 2 vol. set: v. 1. Chapters 1-12 -- v. 2. Chapters 13-26.
|
| 504 |
|
|
|a Includes bibliographical references and indexes.
|
| 541 |
|
|
|e 00024971
|
| 650 |
|
0 |
|a Accounting.
|
| 700 |
1 |
|
|a Kimmel, Paul D.
|
| 700 |
1 |
|
|a Kieso, Donald E.
|
| 852 |
1 |
|
|a Ayesha Abed Library
|c General shelf.
|
| 942 |
0 |
0 |
|0 27
|
| 999 |
|
|
|c 12077
|d 12077
|
| 952 |
|
|
|0 0
|1 0
|2 ddc
|4 0
|6 657_WEY
|7 0
|9 20013
|a BRACUL
|b BRACUL
|c GEN
|d 2012-04-12
|e karim International
|g 8500.00
|l 37
|m 381
|o 657 WEY
|p 3010024971
|r 2026-05-19
|s 2026-02-26
|t 1
|w 2012-04-12
|y BK
|
| 952 |
|
|
|0 0
|1 0
|2 ddc
|4 0
|6 657_WEY
|7 0
|9 20014
|a BRACUL
|b BRACUL
|c GEN
|d 2012-04-12
|e karim International
|g 8500.00
|l 55
|m 314
|o 657 WEY
|p 3010024972
|r 2026-03-28
|s 2026-03-04
|t 2
|w 2012-04-12
|y BK
|
| 952 |
|
|
|0 0
|1 0
|2 ddc
|4 0
|6 657_WEY
|7 0
|9 20015
|a BRACUL
|b BRACUL
|c GEN
|d 2012-04-12
|e karim International
|g 8500.00
|l 52
|m 327
|o 657 WEY
|p 3010024973
|r 2026-05-18
|s 2026-05-16
|t 3
|w 2012-04-12
|y BK
|
| 952 |
|
|
|0 0
|1 0
|2 ddc
|4 0
|6 657_WEY
|7 0
|9 20016
|a BRACUL
|b BRACUL
|c GEN
|d 2012-04-12
|e karim International
|g 8500.00
|l 44
|m 341
|o 657 WEY
|p 3010024974
|r 2025-09-16
|s 2025-09-07
|t 4
|w 2012-04-12
|y BK
|
| 952 |
|
|
|0 0
|1 0
|2 ddc
|4 0
|6 657_WEY
|7 0
|9 20017
|a BRACUL
|b BRACUL
|c GEN
|d 2012-04-12
|e karim International
|g 8500.00
|l 45
|m 346
|o 657 WEY
|p 3010024975
|q 2026-05-19
|r 2026-02-26
|s 2026-02-26
|t 5
|w 2012-04-12
|y BK
|
| 952 |
|
|
|0 0
|1 0
|2 ddc
|4 0
|6 657_WEY
|7 0
|9 20018
|a BRACUL
|b BRACUL
|c GEN
|d 2012-04-12
|e karim International
|g 8500.00
|l 35
|m 295
|o 657 WEY
|p 3010024976
|r 2025-10-21
|s 2025-03-04
|t 6
|w 2012-04-12
|y BK
|
| 952 |
|
|
|0 0
|1 0
|2 ddc
|4 0
|6 657_000000000000000_WEY
|7 0
|9 20019
|a BRACUL
|b BRACUL
|c CIR
|d 2012-04-12
|e karim International
|g 8500.00
|l 44
|m 25
|o 657 WEY
|p 3010024977
|r 2025-12-28
|s 2025-12-28
|t 7
|w 2012-04-12
|y 1HOUR
|
| 952 |
|
|
|0 0
|1 0
|2 ddc
|4 0
|6 657_WEY
|7 0
|9 20020
|a BRACUL
|b BRACUL
|c GEN
|d 2012-04-12
|e karim International
|g 8500.00
|l 38
|m 330
|o 657 WEY
|p 3010024978
|r 2025-09-14
|s 2025-09-14
|t 8
|w 2012-04-12
|y BK
|
| 952 |
|
|
|0 0
|1 0
|2 ddc
|4 0
|6 657_WEY
|7 0
|9 20147
|a BRACUL
|b BRACUL
|c GEN
|d 2012-05-03
|e karim International
|g 8500.00
|l 44
|m 367
|o 657 WEY
|p 3010025090
|r 2026-02-23
|s 2026-02-17
|t 9
|w 2012-05-03
|y BK
|
| 952 |
|
|
|0 0
|1 0
|2 ddc
|4 0
|6 657_000000000000000_WEY
|7 0
|9 20148
|a BRACUL
|b BRACUL
|c GEN
|d 2012-05-03
|e karim International
|g 8500.00
|l 50
|m 254
|o 657 WEY
|p 3010025091
|r 2026-05-17
|s 2026-05-17
|t 10
|w 2012-05-03
|y BK
|